000 00247nam a2200109Ia 4500
008 220204s9999 xx 000 0 und d
082 _a033
_bPEN
100 _aPEN, J
245 0 _aModern economics
260 _aEngland
_bPenguin
_c1965
942 _cBK
999 _c29536
_d29536